|
|
|
|
| LEADER |
01017aam a22003498a 4500 |
| 001 |
00036924 |
| 005 |
20171026081025.0 |
| 008 |
170407s2001 ||||||Viesd |
| 041 |
0 |
# |
|a Vie
|
| 082 |
1 |
4 |
|b Â120NH
|a 784.209 597
|
| 100 |
1 |
# |
|a Nguyễn, Thị Nhung
|
| 245 |
1 |
0 |
|a Âm nhạc thính phòng - giao hưởng Việt Nam
|c Nguyễn Thị Nhung
|b Sự hình thành và phát triển tác phẩm và tác giả
|
| 260 |
# |
# |
|a Hà Nội
|b Âm nhạc
|c 2001
|
| 300 |
# |
# |
|a 420tr.
|c 27 cm.
|
| 653 |
# |
# |
|a Giao hưởng
|
| 653 |
# |
# |
|a Phát triển
|
| 653 |
# |
# |
|a Việt Nam
|
| 653 |
# |
# |
|a Âm nhạc
|
| 852 |
# |
# |
|b Kho mượn
|j KM.0020780, KM.0020928
|
| 852 |
# |
# |
|b Kho đọc
|j KD.0019780
|
| 852 |
# |
# |
|j KM.0020780
|j KM.0020928
|j KD.0019780
|
| 910 |
|
|
|d 07/04/2017
|
| 980 |
# |
# |
|a Trung tâm Học liệu Lê Vũ Hùng, Trường Đại học Đồng Tháp
|